Cosmetic safety regulations : a comparative study of Europe, the USA and Malaysia /
Saved in:
| Main Author: | |
|---|---|
| Format: | Thesis Book |
| Language: | English |
| Published: |
2012.
|
| Subjects: | |
| Tags: |
Add Tag
No Tags, Be the first to tag this record!
|
| LEADER | 01134cam a2200301 a 4500 | ||
|---|---|---|---|
| 001 | u869042 | ||
| 003 | SIRSI | ||
| 005 | 201212041505 | ||
| 008 | 121204s2012 uk a v 000 0 eng m | ||
| 040 | |a UMM | ||
| 043 | |a e------ |a n-us--- |a a-my--- | ||
| 090 | |a KJC1688 |b Zalz | ||
| 100 | 0 | |a Zalina Zakaria. | |
| 245 | 1 | 0 | |a Cosmetic safety regulations : |b a comparative study of Europe, the USA and Malaysia / |c Zalina Zakaria. |
| 260 | |c 2012. | ||
| 300 | |a 281 leaves : |b ill. ; |c 30 cm | ||
| 502 | |a Thesis (Ph.D) -- School of Law, Faculty of Humanities, The University of Manchester, 2012. | ||
| 504 | |a Bibliography: leaves 266-281 | ||
| 650 | 0 | |a Products liability |z Europe. | |
| 650 | 0 | |a Products liability |z United States. | |
| 650 | 0 | |a Products liability |z Malaysia. | |
| 650 | 0 | |a Cosmetics |x Safety measures |z Europe. | |
| 650 | 0 | |a Cosmetics |x Safety measures |z United States. | |
| 650 | 0 | |a Cosmetics |x Safety measures |z Malaysia. | |
| 710 | 2 | |a University of Manchester. |b School of Law. | |
| 900 | |a ZA | ||
| 596 | |a 1 | ||
| 999 | |a KJC1688 ZALZ |w LC |c 1 |i A515363708 |d 8/3/2019 |e 8/3/2019 |f 24/2/2015 |g 1 |l STACKS |m P01UTAMA |n 7 |r Y |s Y |t TESIS |u 23/2/2015 | ||
